| 000 | 00631nam a2200181 a 4500 | ||
|---|---|---|---|
| 001 | 000257342 | ||
| 003 | AM-YeHGA | ||
| 005 | 20250618071727.0 | ||
| 008 | 030902s1935 ai 000 | arm d | ||
| 040 | _aAM-YeHGA | ||
| 100 | 1 |
_aԱրազի, Մովսես, _d1878-1964 _9972 |
|
| 245 | 1 | 0 |
_aԱրձակ պոեմներ / _cԱրազի. |
| 260 |
_aՅերևան : _bՊետհրատ, _c1935. |
||
| 300 |
_a82 էջ : _bդիմանկ., նկ. ; _c17 սմ. |
||
| 505 | 0 | _aԱրյունոտ ծաղիկներ ; Անցվորները ; Կոմունարները … | |
| 650 | 1 | 4 |
_aՀայ գրականություն _xԺողովածու |
| 090 | _c94000 | ||
| 999 |
_c92701 _d92701 |
||